• 首页
  • 本馆介绍
  • 公告通知
  • 最新文献
  • 馆藏检索
  • 电子资源
  • 读者导购
  • 参考咨询
  • 我的图书馆
  • 登录
  • 详细信息显示
  • 放入我的书架
  • 预约/预借图书
  • 作者相关作品
  • 分类相关作品
  • 丛书相关作品
  • 出版社相关作品

书目信息

  • 表格格式
  • 工作单格式
  • 卡片格式
题名:
如何撰写专利申请文件
    
 
作者: 邓亚琥 , 张长兴 编著
分册:  
出版信息: 北京   清华大学出版社  1987
页数: 306页
开本: 19cm
丛书名:
单 册:
中图分类: G306.13 , G306
科图分类:
主题词: 专利申请-写作 , 写作-专利申请 , 科学研究--理论
电子资源:
ISBN: 7-302-00117-0
000 00783nam0 2200277 45
001 0187007758
005 20040430111947.9
010    @a7-302-00117-0@dCNY1.70
100    @a19900830d1987 em y0chiy0121 ea
101 0  @achi
102    @aCN@b110000
105    @af z 000yy
106    @ar
200 10 @a如何撰写专利申请文件@Aru he zhuan xie zhuan li shen qing wen jian@f邓亚琥, 张长兴编著
210    @a北京@c清华大学出版社@d1987
215    @a306页@c图@d19cm
606    @a专利申请-写作
606    @a写作-专利申请
606 0  @a科学研究@x理论
690    @aG306.13@v3
690    @aG306
701  0 @a邓亚琥@Adeng ya hu@4编著
701  0 @a张长兴@Azhang chang xing@4编著
801  0 @aCN@b深圳图书馆@c20040430
801  2 @aCN@bNLC@c20040430
905    @f2@b248810-811@dG306@e1
    
    如何撰写专利申请文件/邓亚琥, 张长兴编著.-北京:清华大学出版社,1987
    306页:图;19cm
    
    
    ISBN 7-302-00117-0:CNY1.70
    
●
相关链接 在E读中查询图书 在五车中查询图书 在当当中查询图书 在豆瓣中查询图书


正题名:如何撰写专利申请文件     索取号:G306/1         预约/预借

序号 登录号 条形码 馆藏地/架位号 状态 备注
1 0248810   000989069   密集书库/ [索取号:G306/1] 在馆    
2 0248811   000989078   密集书库/ [索取号:G306/1] 在馆    
唐山师范学院图书馆 欢迎您!
大连网信软件有限公司© 版权所有